00441nam a22001337a 4500008004100000050002200041100002500063245008700088260004000175300002700215500001900242650001900261700002700280170121b xxu||||| |||| 00| 0 eng d aND 237 .P4J6 1981 aJoseph, J. Jonathan. ajane Peterson :ban american artist/cJ. Jonathan Joseph and Patricia Jobe Pierce. aBoston :bPrivately printed,c1981. a11op. :bill. ;c24cm. aInclude index. aArtxAmerican. aPierce, Patricia Jobe.